The Routledge Handbook of Translation and Cognition

Saved in:
Bibliografiske detaljer
Andre forfattere: Alves, Fabio (Editor)
Format: Ukendt
Sprog:engelsk
Udgivet: London, United Kingdom. Routledge, 2020
Fag:
Tags: Tilføj Tag
Ingen Tags, Vær først til at tagge denne postø!

MARC

LEADER 00000 a2200000 4500
003 CL-VaPUC
005 20210929111707.0
008 210223b ||||| |||| 00| 0 eng d
999 |c 432435  |d 432433 
020 |a 9781138037007 
040 |c Pontificia Universidad Católica de Valparaíso 
082 |a 418.02019 ALV 2021  |2 23 
100 |a Alves, Fabio   |9 859120  |e editor  
245 |a The Routledge Handbook of Translation and Cognition 
260 |a London, United Kingdom.   |b Routledge,  |c 2020 
300 |a 570 páginas  
583 |k Cristina Rojas  |c 20210223 
650 |a Traducción e interpretación   |x Aspectos psicológicos   |9 859596 
650 0 |a Cognición   |9 270347 
650 0 |9 283371  |a Psicolingüística  
852 |a BIBCUR 
942 |2 ddc  |c BK 
952 |0 0  |1 0  |2 ddc  |4 0  |6 418_020190000000000_ALV_2021  |7 0  |9 577546  |a BIBEDU  |b BIBEDU  |d 2021-02-23  |e 102  |g 142656.00  |i 5582520  |l 3  |m 1  |o 418.02019 ALV 2021  |p 5582520  |r 2024-09-04  |s 2024-08-28  |t 1  |v 142656.00  |w 2021-02-23  |y BK  |k LIT